| 000 | 00967cam a2200325 a 4500 | ||
|---|---|---|---|
| 001 | 015432732 | ||
| 003 | OSt | ||
| 005 | 20171119105431.0 | ||
| 008 | 091130s2010 enka frb 001 0 eng d | ||
| 015 |
_aGBA9B5500 _2bnb |
||
| 016 | 7 |
_a015432732 _2Uk |
|
| 020 | _a9780230230613 (pbk.) | ||
| 020 | _a023023061X (pbk.) | ||
| 035 | _a(WlAbNL)vtls006018791 | ||
| 038 | _aOCoLC | ||
| 040 |
_aStDuBDS _beng _cStDuBDS _dUk |
||
| 082 | 0 | 4 |
_a658.3 _bWOR _222 |
| 245 | 0 | 0 |
_aWork and organizational behaviour / _cJohn Bratton ... [et al.]. |
| 250 | _a2nd ed. | ||
| 260 |
_aBasingstoke : _bPalgrave Macmillan, _c2010. |
||
| 300 |
_axxxix, 518 p. : _bill. (chiefly col.) ; _c28 cm. |
||
| 500 | _aPrevious ed.: 2007. | ||
| 504 | _aIncludes bibliographical references and indexes. | ||
| 650 | 7 |
_aOrganizational behavior. _2BUEsh |
|
| 651 | _2BUEsh | ||
| 653 |
_bBUSADM _cNovember2017 |
||
| 655 |
_vReading book _934232 |
||
| 700 | 1 |
_aBratton, John. _926117 |
|
| 942 | _2ddc | ||
| 999 |
_c25601 _d25573 |
||